Propuestas libertarias para superar la crisis actual /
Wedi'i Gadw mewn:
| Prif Awdur: | |
|---|---|
| Fformat: | Texto |
| Tagiau: |
Ychwanegu Tag
Dim Tagiau, Byddwch y cyntaf i dagio'r cofnod hwn!
|
MARC
| LEADER | 00000 a a2200000 04500 | ||
|---|---|---|---|
| 001 | 17168 | ||
| 003 | |||
| 040 | |||
| 100 | |a Guevara Guth, Otto | ||
| 245 | |a Propuestas libertarias para superar la crisis actual / |c Otto Guevara Guth | ||
| 773 | |g volumen 8, número 1; páginas 353-388 | ||
| 999 | |c 37588 |d 37588 | ||
